[Event "SVK-chT1E 2223"]
[Site "Slovakia"]
[Date "2023.02.05"]
[Round "9.3"]
[White "Sepesi, Samuel"]
[Black "Straka, Jozef1111"]
[Result "0-1"]
[WhiteElo "2108"]
[BlackElo "2326"]
[PlyCount "48"]
[EventDate "2022.10.15"]
[EventType "team-tourn"]
[EventRounds "11"]
[EventCountry "SVK"]
[SourceTitle "EXT 2024"]
[Source "ChessBase"]
[SourceDate "2023.10.10"]
[SourceVersion "1"]
[SourceVersionDate "2023.10.10"]
[SourceQuality "1"]
[WhiteTeam "Humenne Reinter II"]
[BlackTeam "Cadca"]
[WhiteTeamCountry "SVK"]
[BlackTeamCountry "SVK"]

1. e4 c6 2. c4 d5 3. exd5 cxd5 4. d4 Nf6 5. Nc3 e6 6. Nf3 Be7 7. cxd5 Nxd5 8. Bd3 0-0 9. 0-0 Nc6 10. Re1 Bf6 11. Be4 h6 12. a3 Nde7 13. Be3 a6 14. Rc1 Ng6 15. Na4 Nce7 16. Qb3 Rb8 17. Nb6 Bd7 18. Ne5 Bb5 19. Nxg6 Nxg6 20. d5 exd5 21. Bxd5 Bg5 22. Red1 Qe8 23. Rc3 Bd8 24. Re1 Bxb6 0-1

[Event "SVK-chT 2122"]
[Site "Slovakia"]
[Date "2022.02.19"]
[Round "3.5"]
[White "Vass, Frantisek"]
[Black "Sepesi, Samuel"]
[Result "0-1"]
[WhiteElo "2307"]
[BlackElo "2142"]
[PlyCount "70"]
[EventDate "2021.10.23"]
[EventType "team-tourn"]
[EventRounds "11"]
[EventCountry "SVK"]
[SourceTitle "EXT 2023"]
[Source "ChessBase"]
[SourceDate "2022.10.05"]
[SourceVersion "1"]
[SourceVersionDate "2022.10.05"]
[SourceQuality "1"]
[WhiteTeam "Podhajska Aquamarin"]
[BlackTeam "Humenne Reinter"]
[WhiteTeamCountry "SVK"]
[BlackTeamCountry "SVK"]

1. d4 Nf6 2. Bg5 g6 3. Bxf6 exf6 4. g3 d5 5. Bg2 Be6 6. e3 Nd7 7. Ne2 Bd6 8. 0-0 c6 9. Nd2 h5 10. Nf4 h4 11. Nxe6 fxe6 12. Qg4 Kf7 13. e4 f5 14. exf5 exf5 15. Qe2 hxg3 16. fxg3 Qg5 17. Nf3 Qh6 18. Rae1 Rae8 19. Qd2 Qxd2 20. Nxd2 Nf6 21. Bf3 f4 22. Kg2 g5 23. g4 Re3 24. a3 Rhe8 25. Rxe3 Rxe3 26. Kf2 Ne4+ 27. Bxe4 dxe4 28. Rh1 c5 29. d5 Be7 30. c3 b5 31. a4 c4 32. axb5 Bc5 33. Kf1 f3 34. Nxc4 Re2 35. h4 Rc2 0-1

[Event "SVK-chT 1920"]
[Site "Slovakia"]
[Date "2020.09.05"]
[Round "10.6"]
[White "Striskova, Lucia"]
[Black "Sepesi, Samuel"]
[Result "0-1"]
[WhiteElo "1806"]
[BlackElo "2174"]
[PlyCount "36"]
[EventDate "2019.10.19"]
[EventType "team-tourn"]
[EventRounds "11"]
[EventCountry "SVK"]
[SourceTitle "EXT 2021"]
[Source "ChessBase"]
[SourceDate "2020.10.23"]
[SourceVersion "1"]
[SourceVersionDate "2020.10.23"]
[SourceQuality "1"]
[WhiteTeam "Bratislava KSN"]
[BlackTeam "Humenne Reinter"]
[WhiteTeamCountry "SVK"]
[BlackTeamCountry "SVK"]

1. e4 c5 2. Nf3 d6 3. d4 cxd4 4. Nxd4 Nf6 5. Nc3 Nc6 6. Be3 Ng4 7. Nxc6 bxc6 8. Qd2 Nxe3 9. Qxe3 Qb6 10. Qf3 Be6 11. Be2 g6 12. 0-0 Bg7 13. Rab1 0-0 14. b3 Qc5 15. Na4 Qxc2 16. Rfc1 Qxa2 17. Nc3 Bxc3 18. Qxc3 Qxe2 0-1

[Event "SVK-chT1E 1920"]
[Site "Slovakia"]
[Date "2020.01.25"]
[Round "7.1"]
[White "Sepesi, Samuel"]
[Black "Haring, Filip"]
[Result "0-1"]
[WhiteElo "2161"]
[BlackElo "2297"]
[PlyCount "48"]
[EventDate "2019.10.12"]
[EventType "team-tourn"]
[EventRounds "11"]
[EventCountry "SVK"]
[SourceTitle "CBM 194 Extra"]
[Source "ChessBase"]
[SourceDate "2020.03.31"]
[SourceVersion "1"]
[SourceVersionDate "2020.03.31"]
[SourceQuality "1"]
[WhiteTeam "Kosice 1 CC"]
[BlackTeam "Banska Bystrica Junior"]
[WhiteTeamCountry "SVK"]
[BlackTeamCountry "SVK"]

1. e4 c5 2. Nf3 Nc6 3. Nc3 d6 4. d4 cxd4 5. Nxd4 e5 6. Nde2 f5 7. g3 Nf6 8. Bg2 Be7 9. 0-0 0-0 10. Bg5 fxe4 11. Bxf6 gxf6 12. Bxe4 f5 13. Bd5+ Kh8 14. g4 fxg4 15. Ne4 Qe8 16. Qd2 Qg6 17. Rad1 Bf5 18. N2g3 Nd4 19. Kg2 Be6 20. Bxe6 Qxe6 21. Nc3 Nf3 22. Qe3 Bg5 23. Qe4 Qh6 24. h4 Nxh4+ 0-1

[Event "SVK-chT 1920"]
[Site "Slovakia"]
[Date "2020.01.18"]
[Round "5.2"]
[White "Brnusak, Tomas"]
[Black "Sepesi, Samuel"]
[Result "0-1"]
[WhiteElo "2044"]
[BlackElo "2174"]
[PlyCount "68"]
[EventDate "2019.10.19"]
[EventType "team-tourn"]
[EventRounds "11"]
[EventCountry "SVK"]
[SourceTitle "CBM 194 Extra"]
[Source "ChessBase"]
[SourceDate "2020.03.31"]
[SourceVersion "1"]
[SourceVersionDate "2020.03.31"]
[SourceQuality "1"]
[WhiteTeam "Liptov Chess School"]
[BlackTeam "Humenne Reinter"]
[WhiteTeamCountry "SVK"]
[BlackTeamCountry "SVK"]

1. Nf3 c5 2. c4 g6 3. d4 cxd4 4. Nxd4 Nc6 5. e4 Bg7 6. Be3 Nf6 7. Nc3 d6 8. Be2 0-0 9. 0-0 Bd7 10. h3 Nxd4 11. Bxd4 Bc6 12. Qc2 a5 13. Rad1 Nd7 14. Bxg7 Kxg7 15. Bg4 Nc5 16. e5 f5 17. Be2 f4 18. Nd5 Rf5 19. exd6 exd6 20. Bg4 Re5 21. Rfe1 Rxe1+ 22. Rxe1 Bxd5 23. cxd5 Qf6 24. h4 h5 25. Bh3 Qxh4 26. Qc3+ Kh6 27. b3 Rf8 28. Qxa5 Nd3 29. Rf1 f3 30. Qd2+ Nf4 31. Rc1 g5 32. Qe3 fxg2 33. Bxg2 Qg4 34. Qe4 Ne2+ 0-1

[Event "SVK-chT 1920"]
[Site "Slovakia"]
[Date "2019.11.24"]
[Round "4.1"]
[White "Sepesi, Samuel"]
[Black "Pniaczek, Marek"]
[Result "0-1"]
[WhiteElo "2174"]
[BlackElo "2115"]
[PlyCount "58"]
[EventDate "2019.10.19"]
[EventType "team-tourn"]
[EventRounds "11"]
[EventCountry "SVK"]
[SourceTitle "CBM 193 Extra"]
[Source "ChessBase"]
[SourceDate "2020.01.31"]
[SourceVersion "1"]
[SourceVersionDate "2020.01.31"]
[SourceQuality "1"]
[WhiteTeam "Humenne Reinter"]
[BlackTeam "Dunajov Inbest"]
[WhiteTeamCountry "SVK"]
[BlackTeamCountry "SVK"]

1. e4 e5 2. Nf3 Nc6 3. Bc4 Bc5 4. b4 Bxb4 5. c3 Ba5 6. d4 Bb6 7. 0-0 d6 8. dxe5 dxe5 9. Qb3 Qf6 10. Bg5 Qg6 11. Rd1 Bg4 12. Nbd2 Nf6 13. Bd5 0-0 14. Bxc6 bxc6 15. Bh4 Rfe8 16. Bg3 Bxf3 17. Nxf3 Nxe4 18. Nxe5 Qf6 19. Nf3 Nxc3 20. Re1 Ne2+ 21. Kf1 Nxg3+ 22. hxg3 Rad8 23. Rad1 Rxe1+ 24. Rxe1 g6 25. Qc2 Rd5 26. g4 h6 27. Re8+ Kg7 28. Qc1 Rb5 29. a4 Rb2 0-1

[Event "SVK-chT1E 1819"]
[Site "Slovakia"]
[Date "2019.03.17"]
[Round "11.2"]
[White "Sepesi, Samuel"]
[Black "Urhegyi, Marton"]
[Result "1-0"]
[WhiteElo "2198"]
[BlackElo "2307"]
[PlyCount "111"]
[EventDate "2018.10.27"]
[EventType "team-tourn"]
[EventRounds "11"]
[EventCountry "SVK"]
[SourceTitle "CBM 189 Extra"]
[Source "ChessBase"]
[SourceDate "2019.06.03"]
[SourceVersion "1"]
[SourceVersionDate "2019.06.03"]
[SourceQuality "1"]
[WhiteTeam "Kosice 1 CC"]
[BlackTeam "Cebovce"]
[WhiteTeamCountry "SVK"]
[BlackTeamCountry "SVK"]

1. e4 e6 2. d4 d5 3. Nd2 Be7 4. Bd3 Nf6 5. e5 Nfd7 6. Ne2 c5 7. c3 Nc6 8. 0-0 Qb6 9. Nf3 cxd4 10. cxd4 f5 11. exf6 Bxf6 12. Nf4 Nxd4 13. Nxd4 Bxd4 14. Qh5+ Kd8 15. Be3 Bxe3 16. fxe3 Nf6 17. Qf7 Qc7 18. Nxe6+ Bxe6 19. Qxe6 Re8 20. Qh3 Qe5 21. Rf3 Rc8 22. Rd1 Qxb2 23. Qg3 Re7 24. Bf5 Rcc7 25. e4 Qb6+ 26. Kh1 Nxe4 27. Bxe4 Rxe4 28. Rf8+ Ke7 29. Qxg7+ Kd6 30. Rf6+ Re6 31. Rxe6+ Kxe6 32. Re1+ Kd6 33. Qf8+ Kc6 34. Re6+ Kb5 35. Rxb6+ axb6 36. Qf1+ Rc4 37. Kg1 h5 38. Qf5 Kc5 39. h4 Rxh4 40. Qc8+ Kb5 41. Qd7+ Ka6 42. Qxd5 b5 43. Qe6+ Ka7 44. Qe8 b4 45. Qb5 b6 46. Qg5 Rc4 47. Qxh5 Ka6 48. Qd5 Rc5 49. Qd3+ Ka5 50. Kf2 Rc3 51. Qd5+ Ka4 52. Qa8+ Kb5 53. g4 Ra3 54. Qxa3 bxa3 55. g5 Kc4 56. g6 1-0

[Event "SVK-chT1E 1819"]
[Site "Slovakia"]
[Date "2019.02.24"]
[Round "9.2"]
[White "Andras, Tomas"]
[Black "Sepesi, Samuel"]
[Result "0-1"]
[WhiteElo "2078"]
[BlackElo "2198"]
[PlyCount "80"]
[EventDate "2018.10.27"]
[EventType "team-tourn"]
[EventRounds "11"]
[EventCountry "SVK"]
[SourceTitle "CBM 189 Extra"]
[Source "ChessBase"]
[SourceDate "2019.06.03"]
[SourceVersion "1"]
[SourceVersionDate "2019.06.03"]
[SourceQuality "1"]
[WhiteTeam "Kezmarok"]
[BlackTeam "Kosice 1 CC"]
[WhiteTeamCountry "SVK"]
[BlackTeamCountry "SVK"]

1. e4 c5 2. Nf3 Nc6 3. Bb5 g6 4. 0-0 Bg7 5. Re1 Nh6 6. c3 0-0 7. h3 d6 8. Bxc6 bxc6 9. Qa4 Qb6 10. Na3 f5 11. Nc4 Qb5 12. Qb3 fxe4 13. Nb6+ Qxb3 14. axb3 axb6 15. Rxa8 exf3 16. g4 e5 17. d3 Be6 18. Ra6 Rb8 19. Re3 Bxb3 20. Rxf3 Nf7 21. Ra7 Bd5 22. Rg3 Be6 23. Re7 Bb3 24. Rc7 Ra8 25. Kh2 Bf6 26. c4 e4 27. dxe4 Bxc4 28. Rxc6 Bd8 29. Ra3 Rxa3 30. bxa3 Ba6 31. e5 Bb7 32. Rxd6 Nxd6 33. exd6 Kf7 34. Bf4 Ke6 35. g5 Kf5 36. Kg3 Bc6 37. h4 c4 38. Bd2 b5 39. f4 Bb6 40. h5 Bc5 0-1

[Event "SVK-chT2D 1819"]
[Site "Slovakia"]
[Date "2018.12.16"]
[Round "6.2"]
[White "Sepesi, Samuel"]
[Black "Vrabel, Michal"]
[Result "1/2-1/2"]
[WhiteElo "2211"]
[BlackElo "2051"]
[PlyCount "64"]
[EventDate "2018.10.13"]
[EventType "team-tourn"]
[EventRounds "11"]
[EventCountry "SVK"]
[SourceTitle "CBM 189 Extra"]
[Source "ChessBase"]
[SourceDate "2019.06.03"]
[SourceVersion "1"]
[SourceVersionDate "2019.06.03"]
[SourceQuality "1"]
[WhiteTeam "Humenne Reinter"]
[BlackTeam "Presov Slavia PU"]
[WhiteTeamCountry "SVK"]
[BlackTeamCountry "SVK"]

1. e4 g6 2. d4 Bg7 3. Nc3 d6 4. Nf3 Nf6 5. Be2 0-0 6. 0-0 c6 7. a4 Qc7 8. h3 Nbd7 9. Be3 b6 10. Bc4 Nxe4 11. Nxe4 d5 12. Bd3 dxe4 13. Bxe4 Ba6 14. Re1 Nf6 15. Bd3 Bxd3 16. Qxd3 Nd5 17. Bd2 Rfe8 18. c4 Nf4 19. Qe4 Ne6 20. a5 Rad8 21. Bc3 Rd7 22. axb6 axb6 23. Ne5 Bxe5 24. dxe5 Red8 25. f4 Nc5 26. Qe2 Nb3 27. Rad1 e6 28. Rxd7 Qxd7 29. Qe4 Nc5 30. Qe3 Na4 31. Ra1 Nxc3 32. bxc3 c5 1/2-1/2

[Event "SVK-chT2D 1819"]
[Site "Slovakia"]
[Date "2018.12.15"]
[Round "5.2"]
[White "Presalovic, Marcel"]
[Black "Sepesi, Samuel"]
[Result "0-1"]
[WhiteElo "2086"]
[BlackElo "2211"]
[PlyCount "86"]
[EventDate "2018.10.13"]
[EventType "team-tourn"]
[EventRounds "11"]
[EventCountry "SVK"]
[SourceTitle "CBM 189 Extra"]
[Source "ChessBase"]
[SourceDate "2019.06.03"]
[SourceVersion "1"]
[SourceVersionDate "2019.06.03"]
[SourceQuality "1"]
[WhiteTeam "Stropkov/Svidnik"]
[BlackTeam "Humenne Reinter"]
[WhiteTeamCountry "SVK"]
[BlackTeamCountry "SVK"]

1. d4 Nf6 2. Nf3 g6 3. Bf4 Bg7 4. e3 0-0 5. h3 d6 6. Be2 c5 7. c3 Nc6 8. Nbd2 cxd4 9. exd4 Nd5 10. Bh2 e5 11. dxe5 dxe5 12. 0-0 Be6 13. Bb5 f6 14. Nb3 Qb6 15. Bc4 Rad8 16. Re1 Rfe8 17. Qd3 Bh6 18. Qf1 Bf7 19. Re4 f5 20. Rxe5 Nxe5 21. Bxe5 Bg7 22. Bd4 Bxd4 23. Nfxd4 a6 24. Re1 Qc7 25. Rxe8+ Rxe8 26. Nd2 Kg7 27. Bb3 Nf4 28. Bxf7 Qxf7 29. g3 Ne6 30. Qc4 Nxd4 31. Qxd4+ Qf6 32. Qd5 Re1+ 33. Kg2 Qc6 34. Qxc6 bxc6 35. h4 Kf6 36. Kf3 Ke5 37. a4 Kd5 38. b4 Rc1 39. c4+ Rxc4 40. Nxc4 Kxc4 41. g4 fxg4+ 42. Kxg4 Kxb4 43. h5 c5 0-1

[Event "SVK-chT2D 1718"]
[Site "Slovakia"]
[Date "2018.02.04"]
[Round "7.2"]
[White "Sepesi, Samuel"]
[Black "Varga, Lukas"]
[Result "1-0"]
[WhiteElo "2189"]
[BlackElo "2103"]
[PlyCount "49"]
[EventDate "2017.10.28"]
[EventType "team-tourn"]
[EventRounds "11"]
[EventCountry "SVK"]
[SourceTitle "EXT 2019"]
[Source "ChessBase"]
[SourceDate "2018.10.10"]
[SourceVersion "1"]
[SourceVersionDate "2018.10.10"]
[SourceQuality "1"]
[WhiteTeam "Kosice 1 CC"]
[BlackTeam "Kosice Slavia UPJS III"]
[WhiteTeamCountry "SVK"]
[BlackTeamCountry "SVK"]

1. e4 Nf6 2. e5 Nd5 3. d4 d6 4. Nf3 Bg4 5. Be2 Nc6 6. 0-0 dxe5 7. dxe5 e6 8. Re1 Bc5 9. Ng5 Bf5 10. Bd3 Bxd3 11. Qxd3 Ndb4 12. Qf3 0-0 13. Qe4 g6 14. a3 Nd5 15. c4 Nb6 16. Nf3 Nd4 17. Nc3 Nxc4 18. Bh6 f5 19. exf6 Qxf6 20. Bxf8 Rxf8 21. Nxd4 Qxf2+ 22. Kh1 Qxd4 23. Qxe6+ Kg7 24. Re4 Qd3 25. Qxc4 1-0

[Event "SVK-chT 1718"]
[Site "Slovakia"]
[Date "2017.11.12"]
[Round "4.6"]
[White "Sepesi, Samuel"]
[Black "Szucs, Vladimir"]
[Result "1/2-1/2"]
[WhiteElo "2183"]
[BlackElo "2142"]
[PlyCount "149"]
[EventDate "2017.09.30"]
[EventType "team-tourn"]
[EventRounds "11"]
[EventCountry "SVK"]
[SourceTitle "CBM 181 Extra"]
[Source "ChessBase"]
[SourceDate "2017.12.12"]
[SourceVersion "1"]
[SourceVersionDate "2017.12.12"]
[SourceQuality "1"]
[WhiteTeam "Prakovce"]
[BlackTeam "Podhajska Aquamarin"]
[WhiteTeamCountry "SVK"]
[BlackTeamCountry "SVK"]

1. d4 d5 2. Nf3 Nf6 3. c4 dxc4 4. e3 e6 5. Bxc4 c5 6. 0-0 a6 7. a4 Nc6 8. Qe2 Qc7 9. dxc5 Bxc5 10. b3 0-0 11. Bb2 Qe7 12. Rd1 b6 13. Nd4 Na5 14. Bd3 e5 15. b4 Bxb4 16. Nc2 Bd6 17. Nd2 Bb7 18. e4 Bc5 19. Ne3 Rfd8 20. Bc3 Nc6 21. Ndc4 Nd4 22. Bxd4 exd4 23. Nf5 Qe6 24. e5 Qc6 25. f3 Nd5 26. Qf2 Nc3 27. Qg3 g6 28. Ncd6 Bxd6 29. exd6 Qc5 30. Re1 Rd7 31. Re5 Nd5 32. Rae1 Rf8 33. Qh3 Rxd6 34. Nxd6 Qxd6 35. Qg3 Ne3 36. Re8 Qxg3 37. Rxf8+ Kxf8 38. hxg3 Bc6 39. Ra1 a5 40. Kf2 Nd5 41. Be4 Ke7 42. Bxd5 Bxd5 43. Rb1 Bc6 44. Rxb6 Bxa4 45. Ra6 d3 46. Ke3 Bc2 47. Rxa5 h5 48. Ra6 Kd7 49. Kd2 Ke7 50. Rb6 Kd7 51. Rb4 Ke6 52. g4 hxg4 53. Rxg4 Kf5 54. Ke3 Ke5 55. Re4+ Kf6 56. Rd4 Ke5 57. Rb4 g5 58. g4 f6 59. Kd2 Ke6 60. Rd4 Ke5 61. Re4+ Kd6 62. Re3 Kd5 63. Kc3 Kd6 64. Re4 Kd5 65. Rd4+ Ke5 66. Kc4 Bb1 67. Kc5 Ke6 68. Rd5 Bc2 69. Kc6 Ba4+ 70. Kc5 Bc2 71. Rd8 Ke7 72. Rd6 Kf7 73. Kc6 Ke7 74. Kc7 Bb1 75. Kc6 1/2-1/2

[Event "SVK-chT1E 1718"]
[Site "Slovakia"]
[Date "2017.11.05"]
[Round "4.3"]
[White "Sepesi, Samuel"]
[Black "Hros, Roman"]
[Result "1/2-1/2"]
[WhiteElo "2162"]
[BlackElo "2194"]
[PlyCount "63"]
[EventDate "2017.10.21"]
[EventType "team-tourn"]
[EventRounds "11"]
[EventCountry "SVK"]
[SourceTitle "CBM 181 Extra"]
[Source "ChessBase"]
[SourceDate "2017.12.12"]
[SourceVersion "1"]
[SourceVersionDate "2017.12.12"]
[SourceQuality "1"]
[WhiteTeam "Sabinov"]
[BlackTeam "Liptov Chess School II"]
[WhiteTeamCountry "SVK"]
[BlackTeamCountry "SVK"]

1. d4 Nf6 2. Nf3 b5 3. e4 Nxe4 4. Bxb5 e6 5. 0-0 Be7 6. Bd3 Bb7 7. Re1 Nf6 8. c4 0-0 9. Nbd2 d6 10. b3 Nbd7 11. Bb2 a5 12. Nf1 Re8 13. Bc2 a4 14. b4 a3 15. Bc1 Ra7 16. Qd3 Qa8 17. N1d2 e5 18. dxe5 dxe5 19. Qc3 e4 20. Nd4 Bd6 21. c5 Be5 22. Nc4 Nd5 23. Qd2 Nxb4 24. Nxe5 Nxc2 25. Nxd7 Nxe1 26. Qxe1 Bc6 27. Qc3 Bxd7 28. c6 Be6 29. Nb5 Ra6 30. Nxc7 Rxc6 31. Qg3 Rxc7 32. Qxc7 1/2-1/2

[Event "SVK-chT1E 1718"]
[Site "Slovakia"]
[Date "2017.11.04"]
[Round "3.3"]
[White "Pniaczek, Marek"]
[Black "Sepesi, Samuel"]
[Result "0-1"]
[WhiteElo "2045"]
[BlackElo "2162"]
[PlyCount "146"]
[EventDate "2017.10.21"]
[EventType "team-tourn"]
[EventRounds "11"]
[EventCountry "SVK"]
[SourceTitle "CBM 181 Extra"]
[Source "ChessBase"]
[SourceDate "2017.12.12"]
[SourceVersion "1"]
[SourceVersionDate "2017.12.12"]
[SourceQuality "1"]
[WhiteTeam "Kezmarok"]
[BlackTeam "Sabinov"]
[WhiteTeamCountry "SVK"]
[BlackTeamCountry "SVK"]

1. e4 c5 2. Nf3 d6 3. d4 cxd4 4. Qxd4 Bd7 5. c4 Nc6 6. Qe3 g6 7. Nc3 Bh6 8. Qd3 Bxc1 9. Rxc1 Qa5 10. Be2 Nf6 11. h3 0-0 12. 0-0 Be6 13. Rfd1 Rac8 14. b3 Nd7 15. Qd2 Kg7 16. Qb2 Kg8 17. a3 Nde5 18. Nb5 Nxf3+ 19. Bxf3 Ne5 20. Be2 a6 21. Nd4 Nc6 22. Nxe6 fxe6 23. Bg4 Nd8 24. c5 h5 25. cxd6 Rxc1 26. Qxc1 exd6 27. Be2 Qb6 28. Qe3 Qxe3 29. fxe3 Nf7 30. Rc1 Ne5 31. Rc7 Rf7 32. Rc8+ Kg7 33. b4 Kf6 34. b5 a5 35. a4 Nd7 36. e5+ Kxe5 37. Bd3 Rf6 38. Rg8 Nc5 39. Bxg6 Nxa4 40. Bxh5 Nc3 41. Bf3 Rf7 42. Rc8 Nxb5 43. Ra8 d5 44. Rxa5 Nd6 45. Ra4 Rc7 46. Rb4 Rc2 47. Rb3 Nc4 48. Rxb7 Nxe3 49. h4 d4 50. h5 Nf5 51. Rb5+ Kf4 52. Kh2 e5 53. Rd5 Nh4 54. Kh3 Nf5 55. Rd8 e4 56. Bxe4 Kxe4 57. g4 Rc3+ 58. Kh2 Nh6 59. g5 Ng4+ 60. Kg2 d3 61. g6 Ne3+ 62. Kh2 Rc5 63. Re8+ Kf3 64. Rf8+ Ke2 65. Rh8 d2 66. g7 Nf1+ 67. Kh3 d1Q 68. g8Q Rc3+ 69. Kg2 Ne3+ 70. Kh2 Qd6+ 71. Kh3 Nf5+ 72. Kg4 Rg3+ 73. Kxf5 Rxg8 0-1